LIBRARY & INFORMATION CENTRE, KCAET, TAVANUR

ONLINE PUBLIC ACCESS CATALOGUE (OPAC)

Assessment of food demand and production potential of Kuttippuram grama panchayath using GIS, remote sensing and watershed modeling (Record no. 15139)

MARC details
000 -LEADER
fixed length control field 00936nam a22002057a 4500
003 - CONTROL NUMBER IDENTIFIER
control field OSt
088 ## - REPORT NUMBER
Report number P 227
100 ## - MAIN ENTRY--AUTHOR NAME
Personal name LEKSHMI S. PRASAD
245 ## - TITLE STATEMENT
Title Assessment of food demand and production potential of Kuttippuram grama panchayath using GIS, remote sensing and watershed modeling
260 ## - PUBLICATION, DISTRIBUTION, ETC. (IMPRINT)
Place of publication Tavanur 2011
Name of publisher Department of Land & Water Resources & Conservation Engineering
300 ## - PHYSICAL DESCRIPTION
Number of Pages 40
500 ## - GENERAL NOTE
General note Assessment of food demand and production potential of Kuttippuram grama panchayath using GIS, remote sensing and watershed modeling
520 ## - SUMMARY, ETC.
Summary, etc Assessment of food demand and production potential of Kuttippuram grama panchayath using GIS, remote sensing and watershed modeling
700 ## - ADDED ENTRY--PERSONAL NAME
Personal name Saranya J
700 ## - ADDED ENTRY--PERSONAL NAME
Personal name Sreeju K. B
700 ## - ADDED ENTRY--PERSONAL NAME
Personal name Dr. Sathian K. K (Gudie)
856 ## - ELECTRONIC LOCATION AND ACCESS
Uniform Resource Identifier https://drive.google.com/open?id=1KX_-yauspF3irjkcEVPP2ja_1D2i9NvU
942 ## - ADDED ENTRY ELEMENTS (KOHA)
Koha item type Project Report
Holdings
Collection code Home library Current library Shelving location Full call number Accession Number Koha item type
Reference KAUAET KAUAET Reference 631.587 LEK/AS P 227 Project Report
free website counter